书目信息 |
| 题名: |
彩色电视接收机修理技术330问
|
|
| 作者: | 黄刚 编译 | |
| 分册: | ||
| 出版信息: | 北京 改革出版社 1991.03 |
|
| 页数: | 407页 | |
| 开本: | 19cm | |
| 丛书名: | ||
| 单 册: | ||
| 中图分类: | TM11 , TN949.12 | |
| 科图分类: | ||
| 主题词: | 电视--各种体制 | |
| 电子资源: | ||
| ISBN: | 7-80072-095-0 | |
| 000 | 00699nam0 2200241 45 | |
| 001 | 0308271027 | |
| 005 | 20071220160008.10 | |
| 010 | @a7-80072-095-0@dCNY8.50 | |
| 100 | @a20030827d1991 km y0chiy0120 ea | |
| 101 | @achi | |
| 102 | @aCN@b110000 | |
| 102 | @aCN@b110000 | |
| 102 | @aCN@b110000 | |
| 200 | 1 | @a彩色电视接收机修理技术330问@Acai se dian shi jie shou ji xiu li ji shu 330 wen@f黄刚等编译@Fhuang gang deng bian yi |
| 210 | @a北京@c改革出版社@d1991.03 | |
| 210 | @a北京@c改革出版社 | |
| 215 | @a407页@c无图表@d19cm | |
| 606 | 0 | @a电视@x各种体制 |
| 690 | @aTM11@v3 | |
| 690 | @aTN949.12@v4 | |
| 701 | 0 | @a黄刚@Ahuang gang@4编译 |
| 801 | @aCN@c20071220 | |
| 905 | @aBZT@dTN949.12@e1 | |
| 彩色电视接收机修理技术330问/黄刚等编译.-北京:改革出版社,1991.03.-北京:改革出版社 |
| 407页:无图表;19cm |
| ISBN 7-80072-095-0:CNY8.50 |
| ● |
| 相关链接 |
|
|
|
正题名:彩色电视接收机修理技术330问
索取号:TN949.12/1
 
预约/预借
| 序号 | 登录号 | 条形码 | 馆藏地/架位号 | 状态 | 备注 |
| 1 | 005152 | 220001867 | 中心书库中库/ 中库029架A面6列5层52/ [索取号:TN949.12/1] | 在馆 | |
| 2 | 005153 | 220001866 | 中心书库中库/ 中库028架B面3列1层49/ [索取号:TN949.12/1] | 在馆 | |
| 3 | 005154 | 220001864 | 中心书库中库/ 中库028架B面3列1层45/ [索取号:TN949.12/1] | 在馆 |